Fisica per i licei : volume 1.: Meccanica, cosmografia, i fluidi, il calore

Salvato in:
Dettagli Bibliografici
Autore principale: Franciosi, Michelangelo (Autore)
Natura: Libro
Lingua:italiano
Pubblicazione: Lanciano : Carabba Giuseppe, 1931
Catalogo:EDISCO:  Risultati della ricerca del catalogo della biblioteca
Libro di testo Classificazione:
Soggetti:
Tags: Aggiungi Tag
Nessun Tag, puoi essere il primo ad aggiungerne!!
Aggiunto a:2016-04-30
Cambiato in:2017-10-18

MARC

LEADER 00000aam a22000001 4500
001 00746
003 OSt
005 20171018093253.0
008 160501s1931 it 000 0 ita
040 |c Antonio Parlati - L'Acquila 
041 1 |a ita 
100 1 |a Franciosi, Michelangelo  |e Author  |9 715 
245 0 0 |a Fisica per i licei :  |b volume 1.: Meccanica, cosmografia, i fluidi, il calore /  |c Michelangelo Franciosi 
260 |a Lanciano :  |b Carabba Giuseppe,  |c 1931 
300 |a 268 p. : ill., 1/2 ;   |c in 16° 
510 3 |a 8.50 
650 4 |a Fisica  |9 71 
655 |a Manuale  |9 9 
690 4 |a Secondaria superiore  |9 8  |x Liceo 
901 |a 1 
942 |2 ddc  |c BK 
546 |a ita 
999 |c 736  |d 736 
999 |c edisco:736  |d 736